| 000 | 00539nam a2200145Ia 4500 | ||
|---|---|---|---|
| 008 | 170221s9999 xx 000 0 und d | ||
| 100 | _aVladimir Nikolaevich Knyaginin | ||
| 245 | _aAdvanced Education in the Information Society | ||
| 245 | _cVladimir Nikolaevich Knyaginin, Nikolay Alekseevich Meshkov, Konstantin Vladimirovich Utolin | ||
| 260 | _bInternational Review of Management and Marketing | ||
| 260 | _c2016 | ||
| 300 | _a15 : 17 | ||
| 650 | _xMarketing. | ||
| 856 | _uhttp://www.econjournals.com/index.php/irmm/issue/view/75 | ||
| 999 |
_c311896 _d311896 |
||